Transformaciones sociales demográficas de las familias latinoamericanas /
En este trabajo se analizan los efectos de los cambios demográficos - específicamente el descenso de la fecundidad- sobre la estructura, organización y funcionamiento de las familias latinoamericanas. Asimismo, se examinan otros fenómenos socioculturales que se asocian con los cambios familiares, en...
Gespeichert in:
| 1. Verfasser: | |
|---|---|
| Format: | Text |
| Schlagworte: | |
| Tags: |
Tag hinzufügen
Keine Tags, Fügen Sie den ersten Tag hinzu!
|
MARC
| LEADER | 00000 a a2200000 04500 | ||
|---|---|---|---|
| 001 | 11612 | ||
| 003 | |||
| 040 | |||
| 100 | |a Arriagada, Irma | ||
| 245 | |a Transformaciones sociales demográficas de las familias latinoamericanas / |c Irma Arriagada | ||
| 500 | |a Resumen también en inglés | ||
| 520 | |a En este trabajo se analizan los efectos de los cambios demográficos - específicamente el descenso de la fecundidad- sobre la estructura, organización y funcionamiento de las familias latinoamericanas. Asimismo, se examinan otros fenómenos socioculturales que se asocian con los cambios familiares, en especial, la transfomación de los papeles sociales y laborales de las mujeres. Finalmente, se señalan algunos temas emergentes en el análisis de las familias que, en el contexto de la modernidad tardía y de una segunda transición demográfica, advierten sobre el aumento de la heterogeneidad y la complejidad de las estructuras familiares | ||
| 650 | |a CAMBIO DEMOGRAFICO | ||
| 650 | |a TRANSICION DEMOGRAFICA | ||
| 650 | |a ESTRUCTURA DE LA FAMILIA | ||
| 650 | |a BAJA DE LA FECUNDIDAD | ||
| 650 | |a ROL DE LA MUJER | ||
| 650 | |a ESTRUCTURA FAMILIAR | ||
| 650 | |a TAMAÑO DE LA FAMILIA | ||
| 773 | |g volumen 10, número 40; páginas 71-95 | ||
| 999 | |c 23046 |d 23046 | ||
